logo

Bir Sreshtho Munshi Abdur Rouf Library
Jhenaidah Cadet College

A Text Book Of Electrical Technology / (Record no. 10401)

MARC details
000 -LEADER
fixed length control field 00552nam a22002057a 4500
001 - CONTROL NUMBER
JCCL Control Number 10401
003 - CONTROL NUMBER IDENTIFIER
JCCL marc code BD-JhCC
005 - DATE AND TIME OF LATEST TRANSACTION
control field 20200325134019.0
008 - FIXED-LENGTH DATA ELEMENTS--GENERAL INFORMATION
fixed length control field 180425b20141959ii ||||| |||| 00| 0 eng d
035 ## - SYSTEM CONTROL NUMBER
system control number (BD-JhCC)10401
040 ## - CATALOGING SOURCE
Original cataloging agency BD-JhCC
Modifying agency BD-JhCC
041 ## - LANGUAGE CODE
Language code of Book eng
082 ## - DEWEY DECIMAL CLASSIFICATION NUMBER
Classification number 621.31
Author mark and Year TEX 2014
245 ## - TITLE STATEMENT
Title A Text Book Of Electrical Technology /
Statement of responsibility, etc B. L. Theraja, A. K. Theraja
260 ## - PUBLICATION, DISTRIBUTION, ETC. (IMPRINT)
Place of publication, distribution, etc New Dheli :
Name of publisher, distributor, etc S. Chand,
Date of publication, distribution, etc 2014.
300 ## - PHYSICAL DESCRIPTION
Pagination 2750 p. :
Other physical details ills;
Dimensions 25 cm.
650 ## - SUBJECT ADDED ENTRY--TOPICAL TERM
Topical term or geographic name as entry element Electrical Engineering
942 ## - ADDED ENTRY ELEMENTS (KOHA)
Source of classification or shelving scheme Dewey Decimal Classification
Koha item type Books
Koha issues (borrowed), all copies 2
Holdings
Source of classification or shelving scheme Damaged status Not for loan Home library Current library Shelving location Total Checkouts Full call number Barcode Date last seen Copy number Koha item type Date checked out
Dewey Decimal Classification     JCC Rouf Library JCC Rouf Library General Stacks   621.31 TEX 2014 13755 04/25/2018 C-1 Reference  
Dewey Decimal Classification     JCC Rouf Library JCC Rouf Library General Stacks 1 621.31 TEX 2014 13754 07/07/2020 C-2 Books 03/24/2020

JCC Library | Contacts | JCC Home

Last Update on 23 September 2017
Copyright @ 2017-2020 JCC Rouf Library
Rouf Library, Jhenidah Cadet College (JCC), Bangladesh